[Event "WC-2020-S-00001"]
[Site "LSS email"]
[Date "2020.04.01"]
[Round "?"]
[White "Broniek, Mariusz Maciej"]
[Black "Simmelink, Joop Theo"]
[Result "1/2-1/2"]
[WhiteElo "2442"]
[BlackElo "2457"]
[PlyCount "66"]
[EventDate "2020.04.01"]
[EventType "tourn (corr)"]
[EventRounds "12"]
[EventCountry "GER"]
[SourceTitle "Corr 2022"]
[Source "ChessBase"]
[SourceDate "2021.10.24"]
[SourceVersion "1"]
[SourceVersionDate "2021.10.24"]
[SourceQuality "1"]

1. e4 e5 2. Nf3 Nc6 3. Bb5 a6 4. Ba4 Nf6 5. 0-0 Be7 6. Re1 b5 7. Bb3 0-0 8. c3 d5 9. exd5 Nxd5 10. Nxe5 Nxe5 11. Rxe5 c6 12. Re1 Bd6 13. d4 Qh4 14. g3 Qh3 15. Be3 Bg4 16. Qd3 Rae8 17. Nd2 Qh5 18. a4 Re6 19. axb5 axb5 20. Bxd5 Qxd5 21. Qf1 Rg6 22. Qg2 Qh5 23. f3 Bh3 24. Qf2 Be6 25. f4 h6 26. Ra6 Rb8 27. Nf1 Bd5 28. Bd2 f5 29. Ne3 Be4 30. c4 Kh7 31. c5 Be7 32. Qe2 Rxg3+ 33. hxg3 Qh1+ 1/2-1/2

[Event "WC-2020-S-00001"]
[Site "LSS email"]
[Date "2020.04.01"]
[Round "?"]
[White "Kireev, Sergey Ivanovich"]
[Black "Simmelink, Joop Theo"]
[Result "1/2-1/2"]
[WhiteElo "2397"]
[BlackElo "2457"]
[PlyCount "67"]
[EventDate "2020.04.01"]
[EventType "tourn (corr)"]
[EventRounds "12"]
[EventCountry "GER"]
[SourceTitle "Corr 2022"]
[Source "ChessBase"]
[SourceDate "2021.10.24"]
[SourceVersion "1"]
[SourceVersionDate "2021.10.24"]
[SourceQuality "1"]

1. d4 d5 2. c4 c6 3. Nf3 Nf6 4. e3 Bf5 5. Nc3 e6 6. Nh4 Be4 7. f3 Bg6 8. g3 Be7 9. Qb3 Qc7 10. Bd2 a6 11. c5 Nbd7 12. Nxg6 hxg6 13. Na4 Rb8 14. Bd3 g5 15. 0-0-0 g4 16. Rdf1 gxf3 17. Rxf3 e5 18. Bc2 Bd8 19. Rff1 b5 20. Nb6 Nxb6 21. cxb6 Qxb6 22. dxe5 Nd7 23. e6 fxe6 24. Bg6+ Ke7 25. Rf7+ Kd6 26. e4 Qd4 27. exd5 cxd5 28. Bb4+ Nc5 29. Kb1 Rc8 30. Rf4 Qe5 31. Qf3 Bf6 32. Qa3 a5 33. Bxa5 Kd7 34. Re1 1/2-1/2

[Event "WC-2020-S-00001"]
[Site "LSS email"]
[Date "2020.04.01"]
[Round "?"]
[White "Sidenko, Anatoly"]
[Black "Simmelink, Joop Theo"]
[Result "1/2-1/2"]
[WhiteElo "2361"]
[BlackElo "2457"]
[PlyCount "58"]
[EventDate "2020.04.01"]
[EventType "tourn (corr)"]
[EventRounds "12"]
[EventCountry "GER"]
[SourceTitle "Corr 2022"]
[Source "ChessBase"]
[SourceDate "2021.10.24"]
[SourceVersion "1"]
[SourceVersionDate "2021.10.24"]
[SourceQuality "1"]

1. d4 d5 2. c4 c6 3. Nc3 Nf6 4. g3 dxc4 5. Nf3 g6 6. e4 b5 7. Bg2 Bg7 8. 0-0 0-0 9. Qe2 b4 10. Nd1 a5 11. Re1 Ba6 12. Qc2 c5 13. e5 Nd5 14. Ne3 Nc6 15. dxc5 c3 16. Rd1 Nxe3 17. Bxe3 cxb2 18. Rab1 Qc8 19. Qxb2 Bb7 20. Rbc1 Rd8 21. Rxd8+ Qxd8 22. Qc2 a4 23. h4 b3 24. axb3 a3 25. Bf4 Nb4 26. Qc4 Nd3 27. Ra1 Qd5 28. Qxd5 Bxd5 29. Nd4 Bxg2 1/2-1/2

[Event "WC-2020-S-00001"]
[Site "LSS email"]
[Date "2020.04.01"]
[Round "?"]
[White "Simmelink, Joop Theo"]
[Black "Sidenko, Anatoly"]
[Result "1/2-1/2"]
[WhiteElo "2457"]
[BlackElo "2361"]
[PlyCount "60"]
[EventDate "2020.04.01"]
[EventType "tourn (corr)"]
[EventRounds "12"]
[EventCountry "GER"]
[SourceTitle "Corr 2022"]
[Source "ChessBase"]
[SourceDate "2021.10.24"]
[SourceVersion "1"]
[SourceVersionDate "2021.10.24"]
[SourceQuality "1"]

1. d4 Nf6 2. c4 e6 3. g3 d5 4. Nf3 Be7 5. Bg2 0-0 6. 0-0 c6 7. Qc2 b6 8. Rd1 Nbd7 9. b3 Ba6 10. Nbd2 c5 11. e4 dxc4 12. Nxc4 cxd4 13. Nxd4 Rc8 14. e5 Nd5 15. Qb2 Rc7 16. Nf5 b5 17. Na5 Nc3 18. Nxe7+ Qxe7 19. Rd6 Nxe5 20. Rxa6 Nd3 21. Qd2 Nxc1 22. Rxc1 Rd8 23. Qxc3 Rxc3 24. Rxc3 Rd1+ 25. Bf1 g5 26. Rd3 Rc1 27. b4 Qxb4 28. Nb3 Rb1 29. Nd2 Rd1 30. Nb3 Rb1 1/2-1/2

[Event "FICGS theme 0002 email"]
[Site "FICGS email"]
[Date "2019.03.02"]
[Round "1"]
[White "Simmelink, Joop Theo"]
[Black "Sternik, Ryszard"]
[Result "1/2-1/2"]
[WhiteElo "2201"]
[BlackElo "2073"]
[PlyCount "45"]
[EventDate "2019.??.??"]
[EventType "swiss (corr)"]
[EventRounds "1"]
[SourceTitle "Corr 2022"]
[Source "ChessBase"]
[SourceDate "2021.10.24"]
[SourceVersion "1"]
[SourceVersionDate "2021.10.24"]
[SourceQuality "1"]

1. e4 e5 2. Nf3 Nf6 3. Nxe5 d6 4. Nd3 Nxe4 5. g3 Nf6 6. Nf4 d5 7. Bg2 Bd6 8. Qe2+ Be7 9. d4 0-0 10. 0-0 c6 11. Qd3 Na6 12. c3 Nc7 13. Re1 Bd6 14. Nh3 Re8 15. Rxe8+ Ncxe8 16. Nd2 Bc7 17. Nf1 h6 18. Qc2 Nd6 19. Ne3 Qe7 20. Nf4 Ng4 21. Nd3 Nxe3 22. Bxe3 Bf5 23. Re1 1/2-1/2

[Event "ST-2018-0-00128"]
[Site "LSS email"]
[Date "2018.10.29"]
[Round "?"]
[White "Powers, Frank"]
[Black "Simmelink, Joop Theo"]
[Result "0-1"]
[WhiteElo "2395"]
[BlackElo "2469"]
[PlyCount "42"]
[EventDate "2015.09.05"]
[EventType "tourn (corr)"]
[EventRounds "6"]
[EventCountry "GER"]
[SourceTitle "Corr 2022"]
[Source "ChessBase"]
[SourceDate "2021.10.24"]
[SourceVersion "1"]
[SourceVersionDate "2021.10.24"]
[SourceQuality "1"]

1. d4 Nf6 2. Nf3 g6 3. Bg5 Bg7 4. Nbd2 0-0 5. c3 d5 6. e3 Nbd7 7. Bd3 Re8 8. 0-0 e5 9. e4 exd4 10. cxd4 h6 11. Bxf6 Nxf6 12. e5 Nh5 13. g3 Bf8 14. Ne1 Ng7 15. f4 c5 16. Ndf3 Qb6 17. Qd2 Bh3 18. Ng2 cxd4 19. Kh1 Rac8 20. Rac1 Nf5 21. Rfe1 Bb4 0-1

[Event "ST-2018-0-00128"]
[Site "LSS email"]
[Date "2018.08.07"]
[Round "?"]
[White "Simmelink, Joop Theo"]
[Black "Domanov, Dmitry"]
[Result "1/2-1/2"]
[WhiteElo "2469"]
[BlackElo "2537"]
[PlyCount "51"]
[EventDate "2015.09.05"]
[EventType "tourn (corr)"]
[EventRounds "6"]
[EventCountry "GER"]
[SourceTitle "Corr 2022"]
[Source "ChessBase"]
[SourceDate "2021.10.24"]
[SourceVersion "1"]
[SourceVersionDate "2021.10.24"]
[SourceQuality "1"]

1. d4 Nf6 2. c4 g6 3. Nc3 d5 4. cxd5 Nxd5 5. e4 Nxc3 6. bxc3 Bg7 7. Bc4 c5 8. Ne2 Nc6 9. Be3 0-0 10. 0-0 Na5 11. Bd3 b6 12. Qd2 e5 13. Bh6 exd4 14. Bxg7 Kxg7 15. cxd4 cxd4 16. f4 f6 17. f5 Nc6 18. Bb5 Ne5 19. Nxd4 gxf5 20. exf5 Kh8 21. h3 Bb7 22. Rf2 Rg8 23. Bf1 b5 24. a4 bxa4 25. Rxa4 a5 26. Qf4 1/2-1/2

[Event "RM-2018-0-00183"]
[Site "LSS email"]
[Date "2018.07.20"]
[Round "?"]
[White "Broniek, Mariusz Maciej"]
[Black "Simmelink, Joop Theo"]
[Result "1/2-1/2"]
[WhiteElo "2427"]
[BlackElo "2484"]
[PlyCount "48"]
[EventDate "2018.02.20"]
[EventType "tourn (corr)"]
[EventRounds "6"]
[EventCountry "GER"]
[SourceTitle "Corr 2022"]
[Source "ChessBase"]
[SourceDate "2021.10.24"]
[SourceVersion "1"]
[SourceVersionDate "2021.10.24"]
[SourceQuality "1"]

1. g3 c5 2. Bg2 Nc6 3. c4 g6 4. Nf3 Bg7 5. Nc3 e6 6. h4 h6 7. d3 Nge7 8. Bf4 d6 9. a3 Rb8 10. 0-0 a6 11. Qc1 e5 12. Bd2 Be6 13. b4 cxb4 14. axb4 Nxb4 15. Rb1 a5 16. Nb5 Nec6 17. Be3 Rc8 18. Rd1 Ne7 19. Ne1 d5 20. Nc2 d4 21. Bd2 Nxc2 22. Qxc2 b6 23. Na7 Rc7 24. Nb5 Rc8 1/2-1/2

[Event "FICGS theme 0002 email"]
[Site "FICGS email"]
[Date "2017.12.14"]
[Round "1"]
[White "Simmelink, Joop Theo"]
[Black "Andreoni, Mario"]
[Result "1-0"]
[WhiteElo "2201"]
[BlackElo "1786"]
[PlyCount "31"]
[EventDate "2017.??.??"]
[EventType "swiss (corr)"]
[EventRounds "1"]
[SourceTitle "Corr 2022"]
[Source "ChessBase"]
[SourceDate "2021.10.24"]
[SourceVersion "1"]
[SourceVersionDate "2021.10.24"]
[SourceQuality "1"]

1. e4 c5 2. Nf3 a6 3. c4 e6 4. Nc3 Nc6 5. d4 cxd4 6. Nxd4 d6 7. Be2 e5 8. Nc2 f5 9. exf5 Bxf5 10. Ne3 Be6 11. Ned5 Rc8 12. 0-0 Nf6 13. Nxf6+ Qxf6 14. f4 Be7 15. Ne4 Qg6 16. Bh5 1-0

[Event "FICGS theme 0002 email"]
[Site "FICGS email"]
[Date "2017.12.14"]
[Round "1"]
[White "Simmelink, Joop Theo"]
[Black "Pech, Jaroslav Sr"]
[Result "0-1"]
[WhiteElo "2201"]
[BlackElo "1398"]
[PlyCount "28"]
[EventDate "2017.??.??"]
[EventType "swiss (corr)"]
[EventRounds "1"]
[SourceTitle "Corr 2022"]
[Source "ChessBase"]
[SourceDate "2021.10.24"]
[SourceVersion "1"]
[SourceVersionDate "2021.10.24"]
[SourceQuality "1"]

1. e4 c5 2. Nf3 a6 3. c4 d6 4. d4 cxd4 5. Qxd4 Nc6 6. Qe3 g6 7. h3 Bg7 8. Nc3 Nf6 9. Be2 Nd7 10. Rb1 0-0 11. 0-0 a5 12. b3 Nc5 13. Bb2 f5 14. exf5 Bxf5 0-1

[Event "FICGS theme 0002 email"]
[Site "FICGS email"]
[Date "2017.12.14"]
[Round "1"]
[White "Sternik, Ryszard"]
[Black "Simmelink, Joop Theo"]
[Result "1-0"]
[WhiteElo "1925"]
[BlackElo "2201"]
[PlyCount "77"]
[EventDate "2017.??.??"]
[EventType "swiss (corr)"]
[EventRounds "1"]
[SourceTitle "Corr 2022"]
[Source "ChessBase"]
[SourceDate "2021.10.24"]
[SourceVersion "1"]
[SourceVersionDate "2021.10.24"]
[SourceQuality "1"]

1. e4 c5 2. Nf3 a6 3. c3 d5 4. exd5 Qxd5 5. d4 Nf6 6. Be2 cxd4 7. cxd4 Nc6 8. Nc3 Qd6 9. Bg5 e6 10. Bxf6 gxf6 11. 0-0 Bg7 12. d5 exd5 13. Bc4 Be6 14. Bxd5 0-0-0 15. Bxe6+ fxe6 16. Qb3 Rhe8 17. Rad1 Qe7 18. Rxd8+ Rxd8 19. Re1 Rd6 20. Ne4 Rd5 21. g3 Qb4 22. Qc2 f5 23. Neg5 Qxb2 24. Qxb2 Bxb2 25. Re2 Bc3 26. Nxe6 b5 27. Nf4 Rd6 28. Nh4 Nd4 29. Re7 a5 30. Rf7 Rd7 31. Nxf5 Rxf7 32. Nd6+ Kd7 33. Nxf7 a4 34. Ne5+ Kd6 35. Nf7+ Kc5 36. Nd3+ Kc4 37. Nfe5+ Kd5 38. Nd7 b4 39. Nb6+ 1-0

[Event "ST-2017-0-00128"]
[Site "LSS email"]
[Date "2017.09.28"]
[Round "?"]
[White "Monacell, James"]
[Black "Simmelink, Joop Theo"]
[Result "1/2-1/2"]
[WhiteElo "2480"]
[BlackElo "2469"]
[PlyCount "52"]
[EventDate "2015.09.05"]
[EventType "tourn (corr)"]
[EventRounds "6"]
[EventCountry "GER"]
[SourceTitle "Corr 2022"]
[Source "ChessBase"]
[SourceDate "2021.10.24"]
[SourceVersion "1"]
[SourceVersionDate "2021.10.24"]
[SourceQuality "1"]

1. d4 d5 2. c4 c6 3. Nf3 Nf6 4. Nc3 e6 5. Bg5 h6 6. Bh4 dxc4 7. e4 g5 8. Bg3 b5 9. Be2 Bb7 10. Qc2 Nh5 11. Be5 Rg8 12. h4 g4 13. Nh2 c5 14. 0-0-0 cxd4 15. Nxb5 Nc6 16. Bxd4 Nb4 17. Qa4 Bc6 18. Bxc4 a6 19. Bc5 Qc8 20. Qxb4 Bxc5 21. Qxc5 Bxb5 22. Bxb5+ axb5 23. Qxc8+ Rxc8+ 24. Kb1 g3 25. fxg3 Rxg3 26. Nf3 Rxg2 1/2-1/2

[Event "ST-2017-0-00127"]
[Site "LSS email"]
[Date "2017.09.24"]
[Round "?"]
[White "Glatthaar, Michael"]
[Black "Simmelink, Joop Theo"]
[Result "1-0"]
[WhiteElo "2503"]
[BlackElo "2469"]
[PlyCount "139"]
[EventDate "2015.05.20"]
[EventType "tourn (corr)"]
[EventRounds "6"]
[EventCountry "GER"]
[SourceTitle "Corr 2022"]
[Source "ChessBase"]
[SourceDate "2021.10.24"]
[SourceVersion "1"]
[SourceVersionDate "2021.10.24"]
[SourceQuality "1"]

1. e4 e5 2. Nf3 Nc6 3. Bc4 Nf6 4. d3 Be7 5. 0-0 0-0 6. Re1 d6 7. a4 Na5 8. Ba2 c5 9. c3 Nc6 10. Na3 h6 11. Bd2 Re8 12. Nc2 Bf8 13. Ne3 Be6 14. Bxe6 Rxe6 15. c4 a5 16. Rf1 Re8 17. Ne1 g6 18. N1c2 h5 19. f4 exf4 20. Rxf4 Bh6 21. Rf1 Nd7 22. Nd5 Bg7 23. Qc1 Nb4 24. Ncxb4 axb4 25. Bh6 Bd4+ 26. Be3 Bg7 27. Qd2 Rf8 28. Bg5 f6 29. Be3 Nb6 30. Nf4 Qe8 31. a5 Nd7 32. Nd5 Rd8 33. d4 Qxe4 34. Rfe1 Qh4 35. Nf4 cxd4 36. Nxg6 Qg4 37. Ne7+ Kh8 38. Bxd4 Ne5 39. Kh1 Rde8 40. h3 Qg3 41. Nd5 Qd3 42. Qxd3 Nxd3 43. Red1 Nc5 44. Nf4 Rf7 45. Nxh5 Re2 46. Ng3 Rc2 47. Nf5 Nb3 48. Rab1 Nxa5 49. b3 Bf8 50. Rd3 Nc6 51. Rf1 Kh7 52. Kh2 Ne5 53. Rg3 Rd2 54. Rf4 Kh8 55. Bb6 Nc6 56. Rh4+ Rh7 57. Re4 Rf7 58. Be3 Rd3 59. Bd4 Rxg3 60. Kxg3 Ne5 61. Be3 Kh7 62. Rh4+ Kg8 63. Rd4 Rd7 64. Rd5 Rd8 65. Rb5 Nd3 66. Kg4 Ne5+ 67. Kh4 Rd7 68. g4 Nd3 69. Kg3 Ne5 70. h4 1-0

[Event "ST-2017-0-00127"]
[Site "LSS email"]
[Date "2017.08.18"]
[Round "?"]
[White "Simmelink, Joop Theo"]
[Black "Szczepanski, Zbigniew"]
[Result "1/2-1/2"]
[WhiteElo "2469"]
[BlackElo "2506"]
[PlyCount "45"]
[EventDate "2015.05.20"]
[EventType "tourn (corr)"]
[EventRounds "6"]
[EventCountry "GER"]
[SourceTitle "Corr 2022"]
[Source "ChessBase"]
[SourceDate "2021.10.24"]
[SourceVersion "1"]
[SourceVersionDate "2021.10.24"]
[SourceQuality "1"]

1. e4 e5 2. Nf3 Nc6 3. d4 exd4 4. Bc4 Nf6 5. e5 d5 6. Bb5 Ne4 7. Nxd4 Bd7 8. Bxc6 bxc6 9. 0-0 Bc5 10. f3 Ng5 11. f4 Ne4 12. Be3 Qb8 13. Nc3 Qxb2 14. Nxe4 dxe4 15. Qd2 Qb4 16. Qf2 Qc3 17. Rfe1 Bb6 18. a4 a5 19. Nb3 0-0 20. Bxb6 cxb6 21. Re3 Qb2 22. Qe1 Qxc2 23. Rc3 1/2-1/2

[Event "FICGS theme 0002 email"]
[Site "FICGS email"]
[Date "2016.11.29"]
[Round "1"]
[White "Simmelink, Joop Theo"]
[Black "Sternik, Ryszard"]
[Result "1/2-1/2"]
[WhiteElo "2168"]
[BlackElo "1730"]
[PlyCount "55"]
[EventDate "2016.??.??"]
[EventType "swiss (corr)"]
[EventRounds "1"]
[SourceTitle "Corr 2022"]
[Source "ChessBase"]
[SourceDate "2021.10.24"]
[SourceVersion "1"]
[SourceVersionDate "2021.10.24"]
[SourceQuality "1"]

1. e4 e5 2. Nf3 Nc6 3. Nc3 Nf6 4. d4 exd4 5. Nd5 Nxe4 6. Bc4 Bb4+ 7. c3 dxc3 8. 0-0 0-0 9. Qb3 Bc5 10. Bd3 Nd2 11. Bxh7+ Kxh7 12. Qc2+ Kg8 13. Bxd2 cxd2 14. Qxc5 d6 15. Qc3 Be6 16. Nf4 Re8 17. Rad1 Bxa2 18. Rxd2 Be6 19. h4 Qe7 20. Ng5 Bf5 21. g4 Bh7 22. Nd5 Qd7 23. f3 Rac8 24. h5 Ne5 25. h6 Qc6 26. hxg7 Qxc3 27. bxc3 Kxg7 28. Nxh7 1/2-1/2

[Event "FICGS W-ch st1 gN 01 email"]
[Site "FICGS email"]
[Date "2016.11.02"]
[Round "1"]
[White "Fric, Lubos"]
[Black "Simmelink, Joop Theo"]
[Result "1/2-1/2"]
[WhiteElo "2199"]
[BlackElo "2168"]
[PlyCount "56"]
[EventDate "2016.??.??"]
[EventType "tourn (corr)"]
[EventRounds "6"]
[SourceTitle "Corr 2022"]
[Source "ChessBase"]
[SourceDate "2021.10.24"]
[SourceVersion "1"]
[SourceVersionDate "2021.10.24"]
[SourceQuality "1"]

1. Nf3 Nf6 2. g3 g6 3. Bg2 Bg7 4. c4 0-0 5. d4 d5 6. cxd5 Nxd5 7. 0-0 Nb6 8. Nc3 Nc6 9. e3 Re8 10. Nh4 e5 11. d5 Nb4 12. a3 Na6 13. Qc2 Qe7 14. e4 c6 15. dxc6 bxc6 16. Nf3 Nc5 17. Bg5 Qf8 18. b4 Ne6 19. Na4 Nxa4 20. Qxa4 Nxg5 21. Nxg5 Qe7 22. Nf3 a5 23. bxa5 Qc7 24. Rfc1 Qxa5 25. Qxa5 Rxa5 26. Rxc6 Bf8 27. a4 Bd7 28. Rc7 Rxa4 1/2-1/2

[Event "FICGS W-ch st1 gN 01 email"]
[Site "FICGS email"]
[Date "2016.11.02"]
[Round "1"]
[White "Simmelink, Joop Theo"]
[Black "Bernal Varela, Nelson"]
[Result "1/2-1/2"]
[WhiteElo "2168"]
[BlackElo "2201"]
[PlyCount "47"]
[EventDate "2016.??.??"]
[EventType "tourn (corr)"]
[EventRounds "6"]
[SourceTitle "Corr 2022"]
[Source "ChessBase"]
[SourceDate "2021.10.24"]
[SourceVersion "1"]
[SourceVersionDate "2021.10.24"]
[SourceQuality "1"]

1. d4 Nf6 2. c4 e6 3. g3 Bb4+ 4. Bd2 Be7 5. Bg2 d5 6. Nf3 0-0 7. 0-0 c6 8. Qc2 b6 9. Rd1 Bb7 10. b3 Ne4 11. Bf4 Nd7 12. Nc3 f5 13. a4 Bb4 14. Na2 Be7 15. h4 h6 16. a5 c5 17. cxd5 exd5 18. Nc3 bxa5 19. Ne5 cxd4 20. Nxe4 Rc8 21. Qb2 Nxe5 22. Bxe5 fxe4 23. Bxd4 Bf6 24. Bxf6 1/2-1/2

[Event "FICGS theme 0002 email"]
[Site "FICGS email"]
[Date "2016.10.30"]
[Round "1"]
[White "Simmelink, Joop Theo"]
[Black "Hilbert, Stephan"]
[Result "1-0"]
[WhiteElo "2153"]
[BlackElo "1354"]
[PlyCount "41"]
[EventDate "2016.??.??"]
[EventType "swiss (corr)"]
[EventRounds "1"]
[SourceTitle "Corr 2022"]
[Source "ChessBase"]
[SourceDate "2021.10.24"]
[SourceVersion "1"]
[SourceVersionDate "2021.10.24"]
[SourceQuality "1"]

1. d4 Nf6 2. Bg5 d5 3. e3 c5 4. Bxf6 gxf6 5. dxc5 Nc6 6. Nf3 e6 7. c4 Qa5+ 8. Nbd2 Bxc5 9. cxd5 exd5 10. Bd3 Qc7 11. Rc1 Bb6 12. 0-0 Bd7 13. Re1 0-0-0 14. b4 Rhg8 15. b5 Bh3 16. g3 h5 17. Nd4 h4 18. Nxc6 Qd6 19. Nxd8+ Kxd8 20. Qh5 Qe6 21. Qxh4 1-0

[Event "WC-2016-Q-00001"]
[Site "LSS email"]
[Date "2016.08.29"]
[Round "?"]
[White "Simmelink, Joop Theo"]
[Black "Hoeppenstein, Michael"]
[Result "1/2-1/2"]
[WhiteElo "2465"]
[BlackElo "2433"]
[PlyCount "110"]
[EventDate "2016.09.03"]
[EventType "tourn (corr)"]
[EventRounds "12"]
[EventCountry "GER"]
[SourceTitle "Corr 2022"]
[Source "ChessBase"]
[SourceDate "2021.10.24"]
[SourceVersion "1"]
[SourceVersionDate "2021.10.24"]
[SourceQuality "1"]

1. d4 Nf6 2. c4 e6 3. g3 d5 4. Nf3 dxc4 5. Bg2 a6 6. 0-0 Nc6 7. e3 Bd7 8. Qe2 b5 9. b3 cxb3 10. axb3 Bd6 11. Bb2 0-0 12. Ne5 Nd5 13. Rc1 Nxe5 14. dxe5 Be7 15. Nc3 c5 16. Ne4 Qb6 17. Qg4 Kh8 18. Nxc5 Bxc5 19. Bxd5 Rac8 20. Be4 a5 21. Rc2 Bb4 22. Bd4 Qb8 23. Qf3 Rxc2 24. Bxc2 Rc8 25. Be4 Kg8 26. Rb1 Rc7 27. Kg2 Qc8 28. Qd1 Bc6 29. Bxc6 Rxc6 30. g4 g5 31. Kg3 Rc2 32. Qh1 h6 33. Qd1 Kg7 34. h3 Qc7 35. Qf3 Ra2 36. Qe4 Qc8 37. Rd1 Be7 38. Rb1 Bf8 39. Rf1 a4 40. bxa4 bxa4 41. f4 Qc2 42. Qxc2 gxf4+ 43. exf4 Rxc2 44. f5 a3 45. Kf3 Bb4 46. Ke4 Bc3 47. Kd3 Bxd4 48. Kxd4 Rd2+ 49. Kc4 a2 50. Ra1 exf5 51. gxf5 Rf2 52. Kd4 Rf4+ 53. Kd3 Rxf5 54. Rxa2 Rxe5 55. h4 f6 1/2-1/2

[Event "WC-2016-Q-00001"]
[Site "LSS email"]
[Date "2016.08.29"]
[Round "?"]
[White "Simmelink, Joop Theo"]
[Black "Kharin, Sergei"]
[Result "1-0"]
[WhiteElo "2465"]
[BlackElo "1569"]
[PlyCount "48"]
[EventDate "2016.09.03"]
[EventType "tourn (corr)"]
[EventRounds "12"]
[EventCountry "GER"]
[SourceTitle "Corr 2022"]
[Source "ChessBase"]
[SourceDate "2021.10.24"]
[SourceVersion "1"]
[SourceVersionDate "2021.10.24"]
[SourceQuality "1"]

1. d4 Nf6 2. c4 g6 3. Nc3 Bg7 4. e4 0-0 5. Nf3 d6 6. Be2 e5 7. 0-0 Nc6 8. d5 Ne7 9. b4 Nh5 10. Re1 f5 11. Ng5 Nf6 12. Bf3 c6 13. Bb2 h6 14. Ne6 Bxe6 15. dxe6 fxe4 16. Nxe4 Nxe4 17. Rxe4 d5 18. cxd5 cxd5 19. Rxe5 Bxe5 20. Bxe5 Qb6 21. Bb2 Rad8 22. Qe1 Rd6 23. Rd1 Rxe6 24. Qc3 Ref6 1-0

[Event "WC-2016-S-00005"]
[Site "LSS email"]
[Date "2016.07.28"]
[Round "?"]
[White "Conterno, Dominique"]
[Black "Simmelink, Joop Theo"]
[Result "0-1"]
[WhiteElo "2305"]
[BlackElo "2465"]
[PlyCount "88"]
[EventDate "2016.08.03"]
[EventType "tourn (corr)"]
[EventRounds "12"]
[EventCountry "GER"]
[SourceTitle "Corr 2022"]
[Source "ChessBase"]
[SourceDate "2021.10.24"]
[SourceVersion "1"]
[SourceVersionDate "2021.10.24"]
[SourceQuality "1"]

1. e4 c6 2. d3 d5 3. Nd2 e5 4. Ngf3 Bd6 5. g3 Nf6 6. Bg2 0-0 7. 0-0 Re8 8. Re1 Nbd7 9. c3 h6 10. Qc2 a5 11. Nf1 dxe4 12. dxe4 Qc7 13. Rd1 Nc5 14. Ne1 b5 15. f3 Be6 16. Be3 a4 17. Qf2 Nfd7 18. Nc2 f5 19. exf5 Bxf5 20. Nb4 a3 21. b3 e4 22. Nd2 Nd3 23. Nxd3 exd3 24. Re1 Rxe3 25. Rxe3 Bc5 26. Rae1 Qa7 27. b4 Bxe3 28. Rxe3 Qa4 29. g4 Bg6 30. Nb3 Nf6 31. Re1 Bf7 32. Nd4 Nd5 33. Bf1 Nxc3 34. Nxc6 Qc2 35. Qxc2 dxc2 36. Nd4 Bxa2 37. Nxc2 Bb3 38. Na1 Ba4 39. Bd3 Kf7 40. Rc1 Nd5 41. Rc5 Rd8 42. Kf2 a2 43. Bxb5 Bxb5 44. Rxb5 Nc3 0-1

[Event "FICGS W-ch st1 gN 01 email"]
[Site "FICGS email"]
[Date "2016.03.02"]
[Round "1"]
[White "Bakhmatov, Andrey"]
[Black "Simmelink, Joop Theo"]
[Result "1/2-1/2"]
[WhiteElo "2157"]
[BlackElo "2212"]
[PlyCount "123"]
[EventDate "2016.??.??"]
[EventType "tourn (corr)"]
[EventRounds "6"]
[SourceTitle "Corr 2022"]
[Source "ChessBase"]
[SourceDate "2021.10.24"]
[SourceVersion "1"]
[SourceVersionDate "2021.10.24"]
[SourceQuality "1"]

1. d4 d5 2. c4 c6 3. Nf3 Nf6 4. Nc3 e6 5. Bg5 h6 6. Bh4 dxc4 7. e4 g5 8. Bg3 b5 9. Be2 Bb7 10. 0-0 Nbd7 11. Ne5 h5 12. Nxd7 Qxd7 13. Qc1 Rg8 14. Rd1 h4 15. Be5 Qe7 16. h3 Rd8 17. Qe3 Nd7 18. Bc7 Rc8 19. Bh2 Nf6 20. f3 a6 21. Kh1 c5 22. a4 Bc6 23. axb5 axb5 24. Ra6 Qb7 25. Rda1 cxd4 26. Qxd4 Nd7 27. Bd6 b4 28. Nb1 e5 29. Qd1 Bxd6 30. Qxd6 Rg6 31. Qd1 g4 32. hxg4 Bb5 33. Rxg6 fxg6 34. Qd6 c3 35. Qxg6+ Kd8 36. Qg5+ Kc7 37. bxc3 Bxe2 38. Qe3 Ba6 39. cxb4 Qb6 40. Nc3 Qxe3 41. Nd5+ Kb7 42. Nxe3 Rc3 43. Nd5 Rc2 44. g5 Nf8 45. b5 Bxb5 46. Rb1 Rc5 47. Ne7 Ne6 48. g6 Ka6 49. Nf5 h3 50. g7 hxg2+ 51. Kxg2 Rc8 52. Rh1 Nxg7 53. Nxg7 Rg8 54. Rh6+ Kb7 55. Rg6 Bc4 56. Kg3 Kc7 57. Rg4 Kd6 58. f4 exf4+ 59. Kxf4 Kc5 60. Rg5+ Kd6 61. Nf5+ Kd7 62. Rh5 1/2-1/2

[Event "FICGS W-ch st1 gN 01 email"]
[Site "FICGS email"]
[Date "2016.03.02"]
[Round "1"]
[White "Denisov, Timofey"]
[Black "Simmelink, Joop Theo"]
[Result "1-0"]
[WhiteElo "2204"]
[BlackElo "2212"]
[PlyCount "63"]
[EventDate "2016.??.??"]
[EventType "tourn (corr)"]
[EventRounds "6"]
[SourceTitle "Corr 2022"]
[Source "ChessBase"]
[SourceDate "2021.10.24"]
[SourceVersion "1"]
[SourceVersionDate "2021.10.24"]
[SourceQuality "1"]

1. d4 Nf6 2. c4 g6 3. Nc3 Bg7 4. e4 d6 5. Be2 0-0 6. Nf3 e5 7. 0-0 Nc6 8. d5 Ne7 9. b4 Nh5 10. g3 f5 11. Ng5 Nf6 12. f3 f4 13. b5 fxg3 14. hxg3 h6 15. Ne6 Bxe6 16. dxe6 Qc8 17. Nd5 Qxe6 18. Nxc7 Qh3 19. Rf2 Nxe4 20. Rh2 Qd7 21. fxe4 Qxc7 22. Be3 Kh7 23. Qd2 Ng8 24. a4 b6 25. a5 Qb7 26. Rh4 Bf6 27. a6 Qf7 28. Rf1 Qe7 29. Rh2 Bg7 30. Rd1 Qf7 31. g4 Rad8 32. g5 1-0